000 00299nam a22001337a 4500
082 _a894.812.3
_bSUD/S
100 _a SUDHEESH, VR
245 _aSUDHEESHINTE CHERUKADHAKAL
250 _aFIRST
260 _aKOLLAM
_bIMPRINT BOOKS
_c1996
300 _a53
650 _aSHORT STORY
_zKERALA
942 _cBK
999 _c1352
_d1352